000 01043nam a22003257a 4500
003 CHAP
005 20220329135331.0
008 971013s1929 r 00010 d
010 _a34578
011 _a35550
035 _a39666
040 _cCHAP
090 _aTesis
100 0 0 _aMerino Fernández, Jesús.
_974976
245 _aReglamentación de las aguas del Río Cotzala en su 3er. tramo
260 _a(s.l.) :
_bEl autor,
_c(1929)
300 _a59 h.
_b: ilus
502 _aTesis (Ing. Agr. Esp. en Irrigación) -- ENA. Departamento de Irrigación
590 _aALEPH
_b10
_c20130110
_lUCH01
_h1300
590 _aBATCH-UPD
_b10
_c20130110
_lUCH01
_h1942
590 _aBATCH-UPD
_b10
_c20130410
_lUCH01
_h1305
590 _aBATCH-UPD
_b10
_c20130914
_lUCH01
_h1657
590 _aCONVERSION
_b10
_c20130109
_lUCH01
_h1319
650 1 4 _aAgua
_xAprovechamiento.
_92282
650 1 4 _aIrrigación
_xProyectos
_xPuebla.
_960468
650 1 4 _aRío Cotzala.
_999111
901 _aBK
942 _cTESIS
949 _bBC
_cTES
_d-90479
_eTS1
_i39666
_si
999 _c34578
_d34578